01617nam a2200337 i 4500001001000000003000900010005001700019007000300036008004100039020001800080040003000098041000800128082001700136100005000153245009600203260000900299264004400308300002800352336002700380337003300407338002800440500005700468590002600525942001400551952015300565952014100718952014700859952012801006952012801134999001701262000044799DO-SdBNP20251002143659.0ta150112s2014 dr 000 0 spa d a9789945166217 aDO-SdBNPbspacBNPHUerda aspa 4axxxbxxx2221 aDe los Santos García, Eladio,d1973-92867510aHipnagedón :bhistoria del transpersonaje de antimismos /cEladio de los Santos García. bBú 1aSanto Domingo :bEditora Búho,c2014. a167 páginas ;c23 cm. atextobtxt2rdacontent asin mediaciónbn2rdamedia avolumenbnc2rdacarrier aIncluye datos biográficos del autor en las solapas aInventariado, 2025/BT 2ddccLBS1 00102ddc56708DSaBNPHUbBNPHUcCTd2015-01-12eDepósito Legall0o BNPHU DS p44799-30r2020-06-25te. 3w2020-06-25yLBS1ZPréstamo en sala 00102ddc51708PDaBNPHUbBNPHUcCTd2015-01-12eDepósito Legall0o BNPHU PD p44799-10r2020-06-25w2020-06-25yLBS1ZNo se presta 00102ddc51708PDaBNPHUbBNPHUcCTd2015-01-12eDepósito Legall0o BNPHU PD p44799-20r2020-06-25te. 2w2020-06-25yLBS1ZNo se presta 00102ddc56708DSaBNPHUbBNPHUcCTd2025-10-02eDonaciónl0o BNPHU DS p2025-10918r2025-10-02te.4w2025-10-02yLBS1 00102ddc56708DSaBNPHUbBNPHUcCTd2025-10-02eDonaciónl0o BNPHU DS p2025-10919r2025-10-02te.5w2025-10-02yLBS1 c44288d44288